Statistiques concernant Les 6 nations du tournoi de rugby

Cliquez ici pour prendre le quiz!

Statistiques générales

  • Ce quiz a été pris 660 fois
  • Le résultat moyen est 6 sur 6

Statistiques - réponses

Les six nations% Correct
France
100%
Angleterre
98%
Irlande
97%
Italie
97%
Ecosse
95%
Pays de Galles
93%

Distribution des résultats

Percentile par nombre de réponses

% des personnes avec chaque résultat

Votre développement - résultats

Vous n’avez pas pris ce quiz